• 首页
  • 本馆介绍
  • 公告通知
  • 最新文献
  • 馆藏检索
  • 电子资源
  • 读者导购
  • 参考咨询
  • 我的图书馆
  • 登录
  • 详细信息显示
  • 放入我的书架
  • 预约/预借图书
  • 作者相关作品
  • 分类相关作品
  • 丛书相关作品
  • 出版社相关作品

书目信息

  • 表格格式
  • 工作单格式
  • 卡片格式
题名:
分子光谱与分子结构
    
 
作者: 赫兹堡 著 ;王鼎昌 译
分册: 第一卷   双原子分子光谱
出版信息: 北京   科学出版社  1983.08
页数: 508页
开本: 26cm
丛书名:
单 册:
中图分类: O561.3
科图分类:
主题词: 分子--光谱
电子资源:
ISBN:
000 00785nam0 2200253 45
001 0186004925
005 20050104112526.8
010    @b精装@dCNY6.20
091    @a13031.2214
100    @a19951114d1983 em y0chiy0121 ea
101 1  @achi@ceng
102    @aCN@b110000
105    @ay z 000yy
200 10 @a分子光谱与分子结构@Afen zi guang pu yu fen zi jie gou@h第一卷@i双原子分子光谱@f(加)G·赫兹堡著@F(Jia)G·He Zi Bao Zhu@g王鼎昌译
210    @a北京@c科学出版社@d1983.08
215    @a508页@d26cm
517    @a双原子分子光谱@AShuang Yuan Zi Fen Zi Guang Pu
606    @a分子@x光谱
690    @aO561.3@v3
701  0 @a赫兹堡@4著
702  0 @a王鼎昌@4译@Awang ding chang
801  0 @aCN@b深圳图书馆@c20040517
801  2 @aCN@bNLC@c20040517
905    @dO561.3@e14:1@f1@b92640
    
    分子光谱与分子结构.第一卷.双原子分子光谱/(加)G·赫兹堡著/王鼎昌译.-北京:科学出版社,1983.08
    508页;26cm
    
    
    ISBN (精装):CNY6.20
    
●
相关链接 在E读中查询图书 在五车中查询图书 在当当中查询图书 在豆瓣中查询图书


正题名:分子光谱与分子结构     索取号:O561.3/14:1         预约/预借

序号 登录号 条形码 馆藏地/架位号 状态 备注
1 0092640   001966554   第三借阅区/ [索取号:O561.3/14:1] 已借出,限还日期为2025.10.10
借出人:邸淑红  
 
2 0092641   001451100   第三借阅区/ [索取号:O561.3/14:1] 在馆    
3 0092642   000554518   第二样本阅览室/ [索取号:O561.3/14:1] 在馆    
唐山师范学院图书馆 欢迎您!
大连网信软件有限公司© 版权所有